NPBプロ野球 クライマックスシリーズ全先発 - Statistics

General Stats
  • This quiz has been taken 19 times
  • The average score is 284 of 484
Answer Stats
チーム 年度 ステージ 試合 名前 % Correct
3 杉内俊哉
100%
3 杉内俊哉
100%
3 戸郷翔征
100%
2024 Fin 1 戸郷翔征
100%
6 戸郷翔征
100%
2 戸郷翔征
100%
2023 Fin 1 村上頌樹
100%
2025 Fin 1 村上頌樹
100%
広島 2013 1st 1 前田健太
100%
2 前田健太
100%
2014 1st 1 前田健太
100%
2 ジャクソン
100%
Fin 1 ケイ
100%
4 ジャクソン
100%
6 ケイ
100%
2025 1st 1 ケイ
100%
2 ジャクソン
100%
3 ケイ
100%
2 杉内俊哉
100%
2009 1st 1 杉内俊哉
100%
2010 Fin 1 杉内俊哉
100%
6 杉内俊哉
100%
3 杉内俊哉
100%
巨人 2007 2nd 1 内海哲也
91%
3 内海哲也
91%
2 内海哲也
91%
2 内海哲也
91%
2012 Fin 1 内海哲也
91%
5 内海哲也
91%
2013 Fin 1 内海哲也
91%
2 菅野智之
91%
2014 Fin 1 内海哲也
91%
2 菅野智之
91%
Fin 1 内海哲也
91%
3 菅野智之
91%
3 内海哲也
91%
2 菅野智之
91%
2021 1st 1 菅野智之
91%
2 菅野智之
91%
2 菅野智之
91%
5 山崎伊織
91%
2025 1st 1 山崎伊織
91%
3 吉見一起
91%
2 吉見一起
91%
3 吉見一起
91%
2 吉見一起
91%
2011 Fin 1 吉見一起
91%
5 吉見一起
91%
3 才木浩人
91%
2024 1st 1 才木浩人
91%
2 才木浩人
91%
2 大瀬良大地
91%
2018 Fin 1 大瀬良大地
91%
2 大瀬良大地
91%
2023 1st 1 東克樹
91%
2024 1st 1 東克樹
91%
Fin 1 東克樹
91%
2 小島和哉
91%
3 小島和哉
91%
2 小島和哉
91%
3 上沢直之
91%
日本ハム 2007 2nd 1 ダルビッシュ有
91%
5 ダルビッシュ有
91%
2008 1st 1 ダルビッシュ有
91%
2 ダルビッシュ有
91%
2011 1st 1 ダルビッシュ有
91%
2 上沢直之
91%
6 上沢直之
91%
2018 1st 1 上沢直之
91%
4 東野峻
82%
2010 1st 1 東野峻
82%
Fin 1 東野峻
82%
2019 Fin 1 山口俊
82%
Fin 1 山口俊
82%
2010 1st 1 能見篤史
82%
2013 1st 1 藤浪晋太郎
82%
2 メッセンジャー
82%
2014 1st 1 メッセンジャー
82%
2 能見篤史
82%
Fin 1 藤浪晋太郎
82%
3 メッセンジャー
82%
4 能見篤史
82%
2015 1st 1 藤浪晋太郎
82%
2 メッセンジャー
82%
3 能見篤史
82%
2017 1st 1 メッセンジャー
82%
3 能見篤史
82%
2019 1st 1 西勇輝
82%
3 高橋遥人
82%
2 高橋遥人
82%
4 西勇輝
82%
2021 1st 1 高橋遥人
82%
Fin 1 西勇輝
82%
2 藤浪晋太郎
82%
2 高橋遥人
82%
3 高橋遥人
82%
ヤクルト 2009 1st 1 石川雅規
82%
2 石川雅規
82%
2 石川雅規
82%
2012 1st 1 石川雅規
82%
2015 Fin 1 石川雅規
82%
2 小川泰弘
82%
2018 1st 1 小川泰弘
82%
2022 Fin 1 小川泰弘
82%
2016 Fin 1 ジョンソン
82%
3 ジョンソン
82%
2 ジョンソン
82%
2 森下暢仁
82%
3 成瀬善久
82%
5 成瀬善久
82%
2010 1st 1 成瀬善久
82%
Fin 1 成瀬善久
82%
6 成瀬善久
82%
Fin 1 成瀬善久
82%
2015 1st 1 石川歩
82%
3 涌井秀章
82%
3 石川歩
82%
2016 1st 1 涌井秀章
82%
2 石川歩
82%
Fin 1 石川歩
82%
2 和田毅
82%
2011 Fin 1 和田毅
82%
3 和田毅
82%
Fin 1 和田毅
82%
4 和田毅
82%
2 有原航平
82%
3 和田毅
82%
2024 Fin 1 有原航平
82%
2 モイネロ
82%
2025 Fin 1 モイネロ
82%
2 有原航平
82%
4 大関友久
82%
6 モイネロ
82%
3 有原航平
82%
Fin 1 伊藤大海
82%
2025 1st 1 伊藤大海
82%
3 伊藤大海
82%
3 西勇輝
82%
2021 Fin 1 山本由伸
82%
2022 Fin 1 山本由伸
82%
2023 Fin 1 山本由伸
82%
西武 2008 2nd 1 涌井秀章
82%
5 涌井秀章
82%
2010 1st 1 涌井秀章
82%
2011 1st 1 涌井秀章
82%
3 涌井秀章
82%
2 田中将大
82%
3 田中将大
82%
2013 Fin 1 田中将大
82%
2008 2nd 1 グライシンガー
73%
4 グライシンガー
73%
中日 2007 1st 1 川上憲伸
73%
2 川上憲伸
73%
2008 1st 1 川上憲伸
73%
2 チェン
73%
3 川上憲伸
73%
4 チェン
73%
2009 1st 1 チェン
73%
2 チェン
73%
2010 Fin 1 チェン
73%
2 チェン
73%
Fin 1 大野雄大
73%
4 川上憲伸
73%
阪神 2007 1st 1 下柳剛
73%
2008 1st 1 安藤優也
73%
2 下柳剛
73%
3 野村祐輔
73%
2 野村祐輔
73%
2 野村祐輔
73%
5 野村祐輔
73%
3 九里亜蓮
73%
Fin 1 九里亜蓮
73%
2 今永昇太
73%
4 今永昇太
73%
2 今永昇太
73%
2022 1st 1 今永昇太
73%
2 今永昇太
73%
ロッテ 2007 1st 1 渡辺俊介
73%
3 渡辺俊介
73%
4 渡辺俊介
73%
2 グライシンガー
73%
2 チェン
73%
2 チェン
73%
2017 Fin 1 東浜巨
73%
3 東浜巨
73%
4 東浜巨
73%
2 東浜巨
73%
2 東浜巨
73%
2 武田勝
73%
3 武田勝
73%
2009 2nd 1 武田勝
73%
2 武田勝
73%
2012 Fin 1 吉川光夫
73%
2 武田勝
73%
3 吉川光夫
73%
3 吉川光夫
73%
2 宮城大弥
73%
4 宮城大弥
73%
2 宮城大弥
73%
2 岸孝之
73%
2 岸孝之
73%
2 岸孝之
73%
2 岸孝之
73%
2013 1st 1 岸孝之
73%
2 多和田真三郎
73%
4 今井達也
73%
2 今井達也
73%
2022 1st 1 高橋光成
73%
2 今井達也
73%
楽天 2009 1st 1 岩隈久志
73%
2 岩隈久志
73%
2 岸孝之
73%
4 岸孝之
73%
3 岸孝之
73%
2 岸孝之
73%
2 上原浩治
64%
2011 1st 1 澤村拓一
64%
3 宮國椋丞
64%
4 澤村拓一
64%
2 澤村拓一
64%
2015 1st 1 マイコラス
64%
2 マイコラス
64%
2016 1st 1 マイコラス
64%
3 山井大介
64%
3 山井大介
64%
2 久保康友
64%
2 青柳晃洋
64%
3 青柳晃洋
64%
2 青柳晃洋
64%
2022 1st 1 青柳晃洋
64%
3 青柳晃洋
64%
3 大竹耕太郎
64%
2 館山昌平
64%
2011 1st 1 館山昌平
64%
5 館山昌平
64%
2 館山昌平
64%
3 館山昌平
64%
2021 Fin 1 奥川恭伸
64%
3 黒田博樹
64%
3 石田健大
64%
Fin 1 石田健大
64%
2 濵口遥大
64%
5 石田健大
64%
2019 1st 1 石田健大
64%
2 濵口遥大
64%
3 濵口遥大
64%
5 濵口遥大
64%
2nd 1 久保康友
64%
2020 Fin 1 美馬学
64%
2021 1st 1 佐々木朗希
64%
2 美馬学
64%
2023 1st 1 佐々木朗希
64%
Fin 1 美馬学
64%
3 澤村拓一
64%
2024 1st 1 佐々木朗希
64%
ソフトバンク 2007 1st 1 斉藤和巳
64%
2 攝津正
64%
2012 1st 1 攝津正
64%
2 新垣渚
64%
3 攝津正
64%
3 攝津正
64%
2016 1st 1 千賀滉大
64%
3 千賀滉大
64%
5 攝津正
64%
2 千賀滉大
64%
2 千賀滉大
64%
3 千賀滉大
64%
2019 1st 1 千賀滉大
64%
3 千賀滉大
64%
2020 Fin 1 千賀滉大
64%
2022 1st 1 千賀滉大
64%
3 千賀滉大
64%
2014 1st 1 大谷翔平
64%
5 大谷翔平
64%
2015 1st 1 大谷翔平
64%
2016 Fin 1 大谷翔平
64%
5 加藤貴之
64%
2024 1st 1 加藤貴之
64%
2 加藤貴之
64%
2014 1st 1 金子千尋
64%
2 西口文也
64%
2017 1st 1 菊池雄星
64%
2018 Fin 1 菊池雄星
64%
3 美馬学
64%
3 美馬学
64%
5 美馬学
64%
2 美馬学
64%
4 高橋優貴
55%
2 高橋優貴
55%
3 グリフィン
55%
2 伊藤将司
55%
2 伊藤将司
55%
2 サイスニード
55%
Fin 1 大竹寛
55%
2017 Fin 1 薮田和樹
55%
4 薮田和樹
55%
2023 1st 1 床田寛樹
55%
3 床田寛樹
55%
横浜 2016 1st 1 井納翔一
55%
3 井納翔一
55%
2017 1st 1 井納翔一
55%
3 井納翔一
55%
2 大貫晋一
55%
2 大貫晋一
55%
2 小林宏之
55%
2 小林宏之
55%
2 武田翔太
55%
2 武田翔太
55%
5 スタンリッジ
55%
2015 Fin 1 武田翔太
55%
Fin 1 武田翔太
55%
5 武田翔太
55%
2 武田翔太
55%
4 山岡泰輔
55%
2025 1st 1 山下舜平大
55%
2019 Fin 1 ニール
55%
2 則本昂大
55%
2017 1st 1 則本昂大
55%
3 則本昂大
55%
2019 1st 1 則本昂大
55%
2021 1st 1 則本昂大
55%
2 中田賢一
45%
3 中田賢一
45%
Fin 1 山本昌
45%
3 中田賢一
45%
4 中田賢一
45%
4 山本昌
45%
2012 1st 1 中田賢一
45%
3 山本昌
45%
3 山本昌
45%
3 由規
45%
2 高橋奎二
45%
3 高橋奎二
45%
3 唐川侑己
45%
4 唐川侑己
45%
4 種市篤暉
45%
3 種市篤暉
45%
4 中田賢一
45%
3 中田賢一
45%
2 中田賢一
45%
5 高橋礼
45%
3 高橋礼
45%
Fin 1 石川柊太
45%
3 北山亘基
45%
3 山崎福也
45%
2 北山亘基
45%
Fin 1 達孝太
45%
4 北山亘基
45%
6 達孝太
45%
2nd 1 永井怜
45%
2 木佐貫洋
36%
3 高橋尚成
36%
4 高橋尚成
36%
3 高橋尚成
36%
2 ホールトン
36%
6 ホールトン
36%
2018 1st 1 今村信貴
36%
3 今村信貴
36%
4 井上温大
36%
Fin 1 小笠原孝
36%
Fin 1 小笠原孝
36%
3 岩田稔
36%
2 岩田稔
36%
2 バリントン
36%
2 三嶋一輝
36%
2 西野勇士
36%
2 ホールトン
36%
3 ホールトン
36%
4 木佐貫洋
36%
2 金村尚真
36%
4 石井一久
36%
2012 1st 1 牧田和久
36%
3 石井一久
36%
3 牧田和久
36%
2 十亀剣
36%
3 野上亮磨
36%
3 十亀剣
36%
2 田口麗斗
27%
Fin 1 メルセデス
27%
2 田口麗斗
27%
2 メルセデス
27%
3 メルセデス
27%
2 朝倉健太
27%
4 川井雄太
27%
2 山内壮馬
27%
5 山内壮馬
27%
2 秋山拓巳
27%
3 赤川克紀
27%
3 村中恭兵
27%
4 赤川克紀
27%
3 村中恭兵
27%
2 原樹理
27%
3 原樹理
27%
2 メルセデス
27%
3 スタンドリッジ
27%
2018 1st 1 ミランダ
27%
2 ミランダ
27%
2023 1st 1 スチュワート・ジュニア
27%
3 スチュワート・ジュニア
27%
2 藤井秀悟
27%
4 藤井秀悟
27%
3 ウルフ
27%
2 マルティネス
27%
5 ウルフ
27%
4 辛島航
27%
Fin 1 塩見貴洋
27%
2 辛島航
27%
2009 2nd 1 ゴンザレス
18%
3 ゴンザレス
18%
2 伊藤準規
18%
6 伊藤準規
18%
2 上園啓史
18%
4 岡田明丈
18%
3 ウィーランド
18%
4 ウィーランド
18%
3 吉野光樹
18%
4 小野晋吾
18%
2 ペン
18%
2 バンデンハーク
18%
2 バンデンハーク
18%
4 バンデンハーク
18%
4 バンデンハーク
18%
Fin 1 バンデンハーク
18%
2 バンデンハーク
18%
4 バンデンハーク
18%
5 大津亮介
18%
3 グリン
18%
2nd 1 グリン
18%
5 グリン
18%
2 中村勝
18%
2 福島蓮
18%
2 ディクソン
18%
2 田嶋大樹
18%
3 田嶋大樹
18%
2 田嶋大樹
18%
3 帆足和幸
18%
Fin 1 帆足和幸
18%
2 岡本洋介
18%
3 榎田大樹
18%
4 本田圭佑
18%
2 オビスポ
9%
2 朝井秀樹
9%
3 朝井秀樹
9%
4 小山雄輝
9%
3 ポレダ
9%
4 ポレダ
9%
Fin 1 望月惇志
9%
Fin 1 増渕竜義
9%
4 杉浦稔大
9%
Fin 1 モスコーソ
9%
3 平良拳太郎
9%
2 竹田祐
9%
2 マーフィー
9%
3 マーフィー
9%
5 大嶺祐太
9%
2013 1st 1 古谷拓哉
9%
3 古谷拓哉
9%
Fin 1 大嶺祐太
9%
2 古谷拓哉
9%
3 岩下大輝
9%
4 陽耀勲
9%
5 大隣憲司
9%
3 大隣憲司
9%
Fin 1 陽耀勲
9%
2014 Fin 1 大隣憲司
9%
6 大隣憲司
9%
2 坂東湧梧
9%
4 スウィーニー
9%
4 スウィーニー
9%
2 糸数敬作
9%
3 八木智哉
9%
3 メンドーサ
9%
Fin 1 浦野博司
9%
2 メンドーサ
9%
2 増井浩俊
9%
4 高梨裕稔
9%
3 杉浦稔大
9%
5 古林睿煬
9%
オリックス 2008 1st 1 近藤一樹
9%
2 小松聖
9%
3 山崎颯一郎
9%
3 東晃平
9%
4 藤原紘通
9%
2 松永昂大
0%
No matching quizzes found
Score Distribution
Percent of People with Each Score
Percentile by Number Answered
Your Score History
You have not taken this quiz